Statistics for Major Taxonomic Ranks

Click here to take the quiz!

General Stats

  • This quiz has been taken 59,268 times
  • The average score is 6 of 8

Answer Stats

ExampleRank% Correct
H. sapiensSpecies
95%
AnimaliaKingdom
86%
HominidaeFamily
83%
HomoGenus
82%
ChordataPhylum
78%
MammaliaClass
76%
PrimatesOrder
72%
EukaryaDomain
57%

Score Distribution

Percentile by Number Answered

Percent of People with Each Score

Your Score History

You have not taken this quiz